| 000 | 00756cab a2200253 4500 | ||
|---|---|---|---|
| 001 | ABS57082 | ||
| 008 | 090401t1997 xxu||||| |||| 00| 0 eng d | ||
| 035 | _a(Sirsi) u79131 | ||
| 041 | _aeng | ||
| 100 | _aJeffery, R. | ||
| 245 | 2 | _aA new solution to an old problem | |
| 260 | _c1997 | ||
| 350 | _a0 | ||
| 490 |
_aFaculty of Building Journal _vJune 1997, 13-14(2) |
||
| 520 | _aDescribes a new glass fibre process which could provide the solution to a number of the problems associated with flat roofs. | ||
| 650 | _aDRYSEAL | ||
| 650 | _aFLAT ROOFS | ||
| 650 | _aGLASS FIBRE | ||
| 650 | _aGLASS REINFORCED PLASTIC | ||
| 650 | _aGRP ROOFING SYSTEMS | ||
| 690 | _aBUILT ENVIRONMENT-BUILDING MATERIALS | ||
| 942 | _n0 | ||
| 948 | _c23/06/1997 | ||
| 999 |
_c49737 _d49737 |
||